| 000 | 01130cam a2200337 a 4500 | ||
|---|---|---|---|
| 001 | 238812 | ||
| 003 | GBCCL | ||
| 005 | 20241126110409.0 | ||
| 008 | 010312s2001 tnu 001 0 eng | ||
| 010 | _a 2001024289 | ||
| 020 | _a0805494235 (alk. paper) | ||
| 020 | _a9780805494235 (alk. paper) | ||
| 035 | _a(OCoLC)ocm46640768 | ||
| 035 | _a(OCoLC)46640768 | ||
| 040 |
_aDLC _beng _cDLC _dBAKER _dBTCTA _dYDXCP _dOCLCG _dOCLCQ _dOCLCO _dOCLCA _dOCLCQ |
||
| 049 | _aLBBT | ||
| 050 | 0 | 0 |
_aBS2560 _b.K65 2001 |
| 082 | 0 | 0 |
_a226.1 _221 _bKNI |
| 090 |
_aBS2560 _b.K65 2001 |
||
| 130 | 0 |
_aBible. _pGospels. _lEnglish. _sHolman Christian Standard Bible. _f2001. _93734 |
|
| 245 | 1 | 2 |
_aA simplified harmony of the Gospels / _cGeorge Knight. |
| 260 |
_aNashville, Tenn. : _bHolman Bible Publishers, _c2001. |
||
| 300 |
_axxvi, 267 pages ; _c23 cm |
||
| 336 |
_atext _btxt _2rdacontent |
||
| 337 |
_aunmediated _bn _2rdamedia |
||
| 338 |
_avolume _bnc _2rdacarrier |
||
| 500 | _aIncludes indexes. | ||
| 630 | 0 | 0 |
_aBible. _pGospels _vHarmonies, English. _93735 |
| 700 | 1 |
_aKnight, George W. _q(George Wendell), _d1940- _93736 |
|
| 942 |
_2ddc _cBK _011 |
||
| 999 |
_c1801 _d1801 |
||